00473nam a2200157Ia 450000500170000000800410001708200130005810000160007124500280008726000440011530000180015965000180017794200060019595200990020199900150030020250322113326.0240331s9999 xx 000 0 und d bMAHa894 aMahendran,K 0aMuranpadugalim aruvadai aTellippalaibSivan Kalavi Nilayamc1984 aXii, 125 p ., aShort Stories cL 001040708LaWERCLbWERCLcSSCd2024-03-31l0o 894.811 MAHp6292r2024-03-31w2024-03-31yL c4581d4581